| 000 | 00320nam a22001337a 4500 | ||
|---|---|---|---|
| 999 |
_c532138 _d532138 |
||
| 003 | NUST | ||
| 038 | _aM.Ramzan | ||
| 082 |
_a690 _bSIN |
||
| 100 |
_aSingh, Gurcharn. _925474 |
||
| 245 | _aBuilding construction and material ../ | ||
| 260 |
_aDelhi: _bStandard Publishers, _c2011. |
||
| 300 | _a931 p, : | ||
| 942 |
_2ddc _cBK |
||